Primo nome Manuel

Salvato in:
Dettagli Bibliografici
Autore principale: Marte, David el
Natura: Libro
Lingua:inglese
Pubblicazione: Arezzo
Tags: Aggiungi Tag
Nessun Tag, puoi essere il primo ad aggiungerne!!

MARC

LEADER 00000nam a2200000 4500
001 CDOM0000003765
003 mi
005 20250922104820.0
008 250922b |||||||| |||| 00| 0 eng d
040 |c mi 
100 |a Marte, David el 
245 1 |a Primo nome Manuel  
260 |a Arezzo 
942 |2 ddc  |c BK 
952 |0 0  |1 0  |2 ddc  |4 0  |7 0  |9 6980  |a MI  |b MI  |d 2009-08-28  |i 5482  |l 0  |p CDOM5482  |r 2025-07-13 16:28:00  |w 2025-07-13  |x DONO  |y BK 
999 |c 5699  |d 5699